| 000 | 00713nam a2200217 u 4500 | ||
|---|---|---|---|
| 005 | 20220622063527.0 | ||
| 008 | 071010s2000 mx r 000 0 spa d | ||
| 020 | _a4880125253 | ||
| 035 | _aUPN01000152810 | ||
| 049 | _aI | ||
| 050 | 4 |
_aPZ76.3 _bS4.34 |
|
| 100 | 1 | _aSepaahi, Jamshid | |
| 245 | 1 | 3 |
_aEl ciervo del largo pescuezo / _cJamshid Sepaahi ; il. Azuyuta Azargin ; tr. Eduardo Campelo. |
| 260 |
_aTehran, Iran : _bShinseken, _c[200-?]. |
||
| 300 |
_a[21] p. : _bprincipalmente il. col. |
||
| 534 |
_pTÃtulo original: _tThe long necked deer |
||
| 650 | 0 |
_aAnimales _vCuentos y leyendas _9234 |
|
| 650 | 4 |
_aCIERVOS - _vCUENTOS Y LEYENDAS _99573 |
|
| 700 | 1 |
_aAzargin, Azuyuta, _eil. |
|
| 905 | _aInfantil | ||
| 999 |
_c124933 _d124933 |
||